000 00504nam a2200169 i 4500
001 30473
003 ES-MaACL
005 20250822063115.0
007 t|
008 030124s1917 fr ||||1| fre d
100 1 _aBarthélemy, Joseph,
_d1874-1945
_926120
245 1 0 _aDémocratie et politique étrangère /
_cpar Joseph Barthélemy.
260 _aParís :
_b[s.n.,
_c1917] (
_fTours E. Arrault et Cie)
300 _a521 p. ;
_c23 cm.
852 _aES-MaACL
_jF-9207
999 _c30473
_d30473